000 00218nam a22000857a 4500
008 161125b xxu||||| |||| 00| 0 eng d
100 _91434
_aVerma.R.
245 _aCCE Mathematics-X(T-1)
260 _aNew Delhi
_bS. chand
_c2011
999 _c4156
_d4156